000 00408nam a22001217a 4500
082 _a500
_bSHI/S
100 _aSHIV DAS
245 _aSCIENCE & TECHNOLOGY LATEST SAMPLE QUESTION PAPERS
_bCLASS X
260 _aDELHI
_bSHIV DAS & SONS
520 _aLATEST SYLLABUS, LATEST SAMPLE QUESTION PAPERS ISSUED BY CBSE, BOARD QUESTION PAPERS WITH ANSWERS
650 _aSCIENCE SAMPLE PAPERS FOR CLASS X
_zINDIA
942 _cBK
999 _c797
_d797